| Tag |
First Indicator |
Second Indicator |
Subfields |
| LEADER |
00000cam a2200000 i 4500 |
| 001 |
in00000029052 |
| 005 |
20170120101538.0 |
| 008 |
770413s1976 enk 00011 eng |
| 010 |
|
|
|a 77352709
|
| 015 |
|
|
|a GB76-29776
|
| 020 |
|
|
|a 028562248X :
|c £3.50.
|
| 020 |
|
|
|a 0285622536 (pbk)
|
| 035 |
|
|
|a (OCoLC)02930320
|
| 035 |
|
|
|9 AAB9971AM
|
| 040 |
|
|
|a DLC
|c DLC
|d m.c.
|d TXA
|d UtOrBLW
|
| 049 |
|
|
|a TXAM
|c [A12623112]
|
| 050 |
0 |
0 |
|a PZ3.G9528
|b Gr10
|a PR6013.U64
|
| 050 |
|
4 |
|a PZ3.G9528
|b Gr 1983
|
| 090 |
|
|
|a PR6013.U64
|b G74 1976
|
| 100 |
1 |
|
|a Gunn, Neil M.,
|d 1891-1973.
|
| 245 |
1 |
4 |
|a The grey coast /
|c Neil M. Gunn.
|
| 264 |
|
1 |
|a London :
|b Souvenir Press,
|c 1976
|
| 264 |
|
3 |
|c 1983 printing
|
| 300 |
|
|
|a 320 pages ;
|c 21 cm.
|
| 336 |
|
|
|a text
|b txt
|2 rdacontent
|
| 337 |
|
|
|a unmediated
|b n
|2 rdamedia
|
| 338 |
|
|
|a volume
|b nc
|2 rdacarrier
|
| 999 |
|
|
|a MARS
|
| 999 |
f |
f |
|s 55015156-00ae-3ee2-9a20-9be53ae22a28
|i 037bd09f-beaf-3054-8acd-5758061cc919
|t 0
|
| 952 |
f |
f |
|p normal
|a Texas A&M University
|b College Station
|c Sterling C. Evans Library
|d Evans: Library Stacks
|t 0
|e PR6013.U64 G74 1976
|h Library of Congress classification
|i unmediated -- volume
|m A14812623112
|
| 998 |
f |
f |
|a PR6013.U64 G74 1976
|t 0
|l Evans: Library Stacks
|